10 najstarszych państw świata - Statystyki

Ogólne statystyki
  • Ten quiz został rozwiązany 476 razy
  • Średni wynik to 4 z 10
Statystyki odpowiedzi
. Odpowiedzi % Poprawnych
2 Egipt
85%
4 Chiny/Shang-Yin
82%
1 Iran/Elam
71%
9 Japonia/Yamato
61%
8 Armenia/Wielka Armenia
39%
7 Gruzja/Lberia
22%
3 Wietnam/Wanglang
21%
10 Bułgaria/Wielka Bułgaria
20%
5 Sudan/Kusz
14%
6 Sri lanka
8%
Nie znaleziono quizów pasujących do podanych kryteriów
Rozkład punktacji
Procent ludzi z każdym wynikiem
Percentyl według liczby udzielonych odpowiedzi
Twoja historia wyników
Nie rozwiązałeś tego quizu